Androcles and the lion / (Record no. 140736)

MARC details
000 -LEADER
campo de control de longitud fija 00658nam a2200229 i 4500
001 - NÚMERO DE CONTROL
campo de control 140736
003 - IDENTIFICADOR DE NÚMERO DE CONTROL
campo de control ES-MaACL
005 - FECHA Y HORA DE LA ÚLTIMA TRANSACCIÓN
campo de control 20230906200137.0
007 - CAMPO FIJO DE DESCRIPCIÓN FÍSICA--INFORMACIÓN GENERAL
campo de control de longitud fija t|
008 - DATOS DE LONGITUD FIJA--INFORMACIÓN GENERAL
campo de control de longitud fija 070917s1962 xxk ||||1| eng d
080 ## - NÚMERO DE LA CLASIFICACIÓN DECIMAL UNIVERSAL
Número de la Clasificación Decimal Universal 821.111
100 1# - ENTRADA PRINCIPAL--NOMBRE DE PERSONA
Nombre de persona Shaw, Bernard.
9 (RLIN) 106025
245 10 - MENCIÓN DEL TÍTULO
Título Androcles and the lion /
Mención de responsabilidad, etc. an old fable renovated by Bernard Shaw.
260 ## - PUBLICACIÓN, DISTRIBUCIÓN, ETC.
Lugar de publicación, distribución, etc. Middlesex :
Nombre del editor, distribuidor, etc. Penguin Books,
Fecha de publicación, distribución, etc. [1962]
300 ## - DESCRIPCIÓN FÍSICA
Extensión 152 p. ;
Dimensiones 18 cm.
490 1# - MENCIÓN DE SERIE
Mención de serie Q 29
500 ## - NOTA GENERAL
Nota general Biblioteca Jacinto Martínez Lacalle.
500 ## - NOTA GENERAL
Nota general Texto paralelo en el alfabeto Shaw.
830 0# - PUNTO DE ACCESO ADICIONAL DE SERIE-TÍTULO UNIFORME
Título uniforme Q 29
9 (RLIN) 220356
852 ## - LOCALIZACIÓN
Ubicación ES-MaACL
Número de control de estantería E-12144
Sublocalización o colección R.140046
Holdings
Estatus retirado Estado de pérdida Estado de daño No para préstamo Biblioteca de origen Biblioteca actual Ubicación en estantería Fecha de adquisición Fuente de adquisición Total de préstamos Signatura topográfica completa Código de barras Visto por última vez Precio de reemplazo Tipo de ítem Koha
        Biblioteca del Ateneo de Madrid Biblioteca del Ateneo de Madrid Depósito 2 17/01/2008     E-12144 1146450 23/02/2023 23/02/2023 Libro impreso